Normal view
MARC view
Entry Personal Name
001 - CONTROL NUMBER
- control field: 349282
003 - CONTROL NUMBER IDENTIFIER
- control field: OSt
005 - DATE AND TIME OF LATEST TRANSACTION
- control field: 20220926044640.0
008 - FIXED-LENGTH DATA ELEMENTS
- fixed length control field: 220926|| aca||aabn | a|a d
040 ## - CATALOGING SOURCE
- Original cataloging agency: OSt
- Transcribing agency: OSt
100 ## - HEADING--PERSONAL NAME
- Personal name: India, Trafiff, (Commissio )
670 ## - SOURCE DATA FOUND
- Source citation: Work cat.: (OSt)675428: India, Trafiff, (Commissio ) 349281, Report, Fair ex-works retention Prices of steel for the period 1st April 1960 to 31st March 1962, 1962
